000 00635nam a2200229Ia 4500
003 OSt
005 20220918205313.0
006 a|||||r|||| 00| 0
007 ta
008 220917b |||||||| |||| 00| 0 eng d
024 _a116,060
037 _cTextual
040 _aARTS
_cARTS
_beng
041 _2eng
_aeng
082 _aV6.N<-M, M4 (906)
100 _aFreund Bill
_9114709
245 0 _aMaking of contemporary Africa
_b the development of African society
260 _aLondon
_bMacmillan
_c1984
650 _aHISTORY
942 _hV6.N<-M, M4 (906)
_cTEXL
_2CC
999 _c239388
_d239388